Os 50 primeiros dígitos de PI - Statistics

Estatísticas Gerais
  • Esse quiz foi jogado 142 vezes
  • A pontuação média é 48 de 51
Estatísticas das Respostas
Resposta % Correto
1
100%
1
100%
1
100%
1
100%
1
100%
3
100%
3
100%
3
100%
3
100%
3
100%
3
100%
3
100%
3
100%
3
100%
4
100%
4
100%
4
100%
4
100%
5
92%
5
92%
5
92%
5
92%
5
92%
9
90%
9
90%
9
90%
9
90%
9
90%
9
90%
9
90%
9
90%
0
89%
0
89%
2
89%
2
89%
2
89%
2
89%
2
89%
6
89%
6
89%
6
89%
6
89%
7
89%
7
89%
7
89%
7
89%
8
89%
8
89%
8
89%
8
89%
8
89%
Nenhum quiz correspondente encontrado
Distribuição das Pontuações
Porcentagem de Pessoas com Cada Pontuação
Percentil de Números Respondidos
Sua Pontuação Histórica
Você não jogou esse quiz